000 00308nam a22001337a 4500
008 190201b xxu||||| |||| 00| 0 eng d
020 _a49168
041 _aeng
080 _22nd
_a101
100 _a24
101 _aFIL
245 _aAn Introduction to Philosophical Analysis
_cHospers, J
942 _2udc
_cBK
999 _c53910
_d53910